| Поле | Инд. | ПП | Название | Значение |
|---|---|---|---|---|
| Тип записи | a | |||
| Библиографический уровень | m | |||
| 001 | Контрольный номер | e95a5b0582174bedb4a9ddaf1f47ea15 | ||
| 005 | Дата корректировки | 20200327121031.4 | ||
| 008 | Кодируемые данные | 200319|||||||||ru |||||||||||||||||rus|| | ||
| 020 | a | ISBN | 978-5-604 | |
| 041 | 0_ | a | Код языка текста | rus |
| 084 | a | Индекс другой классификации/Индекс ББК | 66.4(2Рос)+66.4(0),3 | |
| 090 | a | Полочн. индекс | 66.4 | |
| x | Авторский знак | Д 29 | ||
| 100 | 1_ | a | Автор | Делягин М. Г. |
| 203 | a | Вид содержания | Текст | |
| c | Тип средства | непосредственное | ||
| 245 | 10 | a | Заглавие | Конец эпохи: осторожно, двери открываются! Т. 2. Специальная теория глобализации |
| c | Ответственность | Институт проблем глобализации (ИПРОГ) | ||
| 250 | a | Основные сведения об издании | Изд. 12-е, перераб. и доп. | |
| 260 | a | Место издания | Москва | |
| b | Издательство | Политиздат | ||
| b | Издательство | Книжный мир | ||
| c | Дата издания | 2020 | ||
| 300 | a | Объем | С. [2], 837-1643, [1] с. | |
| 520 | 0_ | a | Аннотация | Книга является продолжением "Общей теорию глобализации", описывающей объективные, не зависящие от людей (хотя, разумеется, реализующиеся через наши усилия) тенденции нашего личностного, общественного и мирового развития. "Специальная теория глобализации" анализирует во всем его богатстве, разнообразии и противоречивости "субъективный фактор" мирового развития: основные глобальные (и многие локальные) проекты современности в их взаимодействии с особым упором на возможности, проблемы и перспективы России |
| 650 | 04 | a | Основная рубрика | Глобализация-Социально-политический аспект |
| 653 | 0_ | a | Ключевые слова | Глобализация |
| a | Ключевые слова | Международные отношения | ||
| a | Ключевые слова | Мировая политика | ||
| a | Ключевые слова | Глобализация политики | ||
| a | Ключевые слова | Русско-американские отношения | ||
| a | Ключевые слова | Трансформация личности | ||
| a | Ключевые слова | Трансформация общества | ||
| 900 | a | Имя макрообъекта | Конец эпохи т2 | |
| 901 | t | Тип документа | m |